A kommunista erkölcs
Elmentve itt :
| Szerző: | |
|---|---|
| Adatforrás: | Philobibl |
| Dokumentumtípus: | Könyv |
| Nyelv: | magyar |
| Megjelent: |
Bp.
Szikra
1951
|
| Sorozat: | A SzK/b/P Pártfőiskolájának anyaga. Dialektikus és történelmi materializmus tanfolyam
|
| LEADER | 00602nam a2200145 c 4500 | ||
|---|---|---|---|
| 001 | bibDOK00009080 | ||
| 005 | 20200924120451.9 | ||
| 008 | 060518s1951 hu hun | ||
| 100 | 1 | |a Kolbanovszkij, V.N. | |
| 245 | 1 | 2 | |a A kommunista erkölcs |c Kolbanovszkij, V.N. |
| 260 | |a Bp. |b Szikra |c 1951 | ||
| 300 | |a 67 p. | ||
| 490 | 1 | |a A SzK/b/P Pártfőiskolájának anyaga. Dialektikus és történelmi materializmus tanfolyam | |
| 500 | |a Ua. A kommunista erkölcsről (ford. S. Nyírő József) 1953. Ifj. Kiadó. 72 p. | ||
| 830 | 2 | |a A SzK/b/P Pártfőiskolájának anyaga. Dialektikus és történelmi materializmus tanfolyam | |